[Event "Hastings Masters"]
[Site "Hastings, England"]
[Date "2015.01.01"
[Round "4.1"]
[White "Zhao, Jun"]
[WhiteElo "2585"]
[Black "Lagarde, Maxime"]
[BlackElo "2576"]
[Result "1-0"]

1. e4 {[%clk 1:38:50]} c5 {[%clk 1:40:20]} 2. Nf3 {[%clk 1:38:48]} e6
{[%clk 1:40:33]} 3. c3 {[%clk 1:34:52]} Nf6 {[%clk 1:39:16]} 4. e5
{[%clk 1:34:53]} Nd5 {[%clk 1:39:42]} 5. d4 {[%clk 1:35:19]} cxd4
{[%clk 1:40:04]} 6. cxd4 {[%clk 1:35:44]} d6 {[%clk 1:40:22]} 7. a3
{[%clk 1:35:52]} Bd7 {[%clk 1:38:49]} 8. Bd3 {[%clk 1:33:32]} Bc6
{[%clk 1:39:03]} 9. O-O {[%clk 1:33:32]} Nd7 {[%clk 1:39:11]} 10. Re1
{[%clk 1:33:43]} Qc7 {[%clk 1:36:37]} 11. Bf1 {[%clk 1:25:15]} Rd8
{[%clk 1:22:10]} 12. Nbd2 {[%clk 0:43:09]} dxe5 {[%clk 1:15:49]} 13. dxe5
{[%clk 0:43:10]} Nc5 {[%clk 1:07:22]} 14. Nd4 {[%clk 0:38:11]} Nf4
{[%clk 1:02:04]} 15. Nxc6 {[%clk 0:35:32]} bxc6 {[%clk 0:55:44]} 16. Qc2
{[%clk 0:30:47]} Nfd3 {[%clk 0:52:10]} 17. Re3 {[%clk 0:30:18]} Nxe5
{[%clk 0:49:38]} 18. b4 {[%clk 0:25:35]} Ncd7 {[%clk 0:49:23]} 19. Bb2
{[%clk 0:26:01]} Ng4 {[%clk 0:46:43]} 20. Rg3 {[%clk 0:24:38]} Ndf6
{[%clk 0:44:13]} 21. Nc4 {[%clk 0:22:04]} Rd5 {[%clk 0:38:58]} 22. h3
{[%clk 0:20:35]} h5 {[%clk 0:37:30]} 23. hxg4 {[%clk 0:18:18]} hxg4
{[%clk 0:37:57]} 24. Be5 {[%clk 0:18:43]} Qd8 {[%clk 0:38:16]} 25. Re3
{[%clk 0:16:34]} Nd7 {[%clk 0:36:15]} 26. g3 {[%clk 0:16:58]} Qg5
{[%clk 0:36:23]} 27. Bg2 {[%clk 0:15:36]} Nxe5 {[%clk 0:35:33]} 28. Bxd5
{[%clk 0:13:37]} Nxc4 {[%clk 0:36:00]} 29. Bxc6+ {[%clk 0:13:34]} 1-0

[Event "Hastings Masters"]
[Site "Hastings, England"]
[Date "2015.01.01"
[Round "4.2"]
[White "Galyas, Miklos"]
[WhiteElo "2428"]
[Black "Rodshtein, Maxim"]
[BlackElo "2676"]
[Result "1-0"]

1. Nf3 {[%clk 1:40:55]} d5 {[%clk 1:40:14]} 2. c4 {[%clk 1:40:50]} d4
{[%clk 1:40:28]} 3. b4 {[%clk 1:40:33]} f6 {[%clk 1:36:42]} 4. e3
{[%clk 1:40:21]} e5 {[%clk 1:37:07]} 5. c5 {[%clk 1:40:20]} Qe7 {[%clk 1:12:51]}
6. Bb5+ {[%clk 1:24:27]} c6 {[%clk 0:58:15]} 7. Bc4 {[%clk 1:24:18]} Be6
{[%clk 0:58:39]} 8. Qb3 {[%clk 1:20:16]} Bxc4 {[%clk 0:58:13]} 9. Qxc4
{[%clk 1:20:40]} dxe3 {[%clk 0:42:10]} 10. fxe3 {[%clk 1:19:19]} a5
{[%clk 0:39:05]} 11. O-O {[%clk 1:15:46]} axb4 {[%clk 0:39:01]} 12. d4
{[%clk 1:13:30]} Na6 {[%clk 0:38:44]} 13. a3 {[%clk 1:10:22]} bxa3
{[%clk 0:37:41]} 14. Rxa3 {[%clk 1:02:32]} g6 {[%clk 0:37:55]} 15. Nc3
{[%clk 0:55:13]} e4 {[%clk 0:34:50]} 16. Nd2 {[%clk 0:55:27]} f5 {[%clk 0:35:16]}
17. Ndxe4 {[%clk 0:52:56]} fxe4 {[%clk 0:35:42]} 18. Nxe4 {[%clk 0:53:14]} Qd7
{[%clk 0:30:54]} 19. Nd6+ {[%clk 0:50:56]} Bxd6 {[%clk 0:31:19]} 20. cxd6
{[%clk 0:51:22]} Nh6 {[%clk 0:13:36]} 21. e4 {[%clk 0:50:50]} Qxd6
{[%clk 0:13:08]} 22. Bxh6 {[%clk 0:47:23]} Qxa3 {[%clk 0:13:27]} 23. Qf7+
{[%clk 0:47:46]} Kd8 {[%clk 0:13:54]} 24. Qxb7 {[%clk 0:47:30]} Nc7
{[%clk 0:14:05]} 25. Bg5+ {[%clk 0:47:30]} Kd7 {[%clk 0:14:30]} 26. Rf7+
{[%clk 0:47:01]} Ke6 {[%clk 0:14:55]} 27. Qxc7 {[%clk 0:41:29]} Qa1+
{[%clk 0:15:18]} 28. Rf1 {[%clk 0:41:46]} Qxd4+ {[%clk 0:15:44]} 29. Kh1
{[%clk 0:41:59]} 1-0

[Event "Hastings Masters"]
[Site "Hastings, England"]
[Date "2015.01.01"
[Round "4.3"]
[White "Edouard, Romain"]
[WhiteElo "2659"]
[Black "Hunt, Adam C"]
[BlackElo "2437"]
[Result "1-0"]

1. d4 {[%clk 1:39:22]} Nf6 {[%clk 1:40:35]} 2. c4 {[%clk 1:39:46]} g6
{[%clk 1:40:53]} 3. g3 {[%clk 1:40:10]} Bg7 {[%clk 1:40:35]} 4. Bg2
{[%clk 1:40:35]} d5 {[%clk 1:38:40]} 5. cxd5 {[%clk 1:40:31]} Nxd5
{[%clk 1:39:03]} 6. Nf3 {[%clk 1:40:58]} Nb6 {[%clk 1:38:15]} 7. Nc3
{[%clk 1:39:26]} Nc6 {[%clk 1:38:23]} 8. e3 {[%clk 1:39:52]} O-O {[%clk 1:38:30]}
9. O-O {[%clk 1:40:18]} Re8 {[%clk 1:36:45]} 10. a3 {[%clk 1:40:43]} a5
{[%clk 1:31:47]} 11. d5 {[%clk 1:39:50]} Ne5 {[%clk 1:29:25]} 12. Nxe5
{[%clk 1:39:07]} Bxe5 {[%clk 1:29:24]} 13. Qc2 {[%clk 1:39:29]} Bd7
{[%clk 1:22:49]} 14. Rd1 {[%clk 1:16:41]} Qc8 {[%clk 1:18:09]} 15. e4
{[%clk 1:16:07]} e6 {[%clk 1:12:59]} 16. dxe6 {[%clk 1:04:19]} Bxe6
{[%clk 1:12:05]} 17. a4 {[%clk 0:52:57]} Rd8 {[%clk 0:58:16]} 18. Bh6
{[%clk 0:37:30]} Rxd1+ {[%clk 0:44:45]} 19. Rxd1 {[%clk 0:37:41]} Qe8
{[%clk 0:45:05]} 20. f4 {[%clk 0:32:37]} Bg7 {[%clk 0:44:06]} 21. Bxg7
{[%clk 0:30:34]} Kxg7 {[%clk 0:44:27]} 22. Nb5 {[%clk 0:21:20]} Rd8
{[%clk 0:40:54]} 23. Nxc7 {[%clk 0:19:52]} Rxd1+ {[%clk 0:34:03]} 24. Qxd1
{[%clk 0:20:19]} Qxa4 {[%clk 0:34:21]} 25. Nxe6+ {[%clk 0:19:07]} fxe6
{[%clk 0:34:44]} 26. Qd8 {[%clk 0:15:55]} Qb3 {[%clk 0:26:25]} 27. Qe7+
{[%clk 0:10:16]} Kg8 {[%clk 0:25:59]} 28. Qe8+ {[%clk 0:09:09]} Kg7
{[%clk 0:26:21]} 29. Qe7+ {[%clk 0:09:37]} Kg8 {[%clk 0:26:41]} 30. Qd8+
{[%clk 0:05:20]} Kg7 {[%clk 0:25:40]} 31. Qc7+ {[%clk 0:05:48]} Kg8
{[%clk 0:09:44]} 32. Qb8+ {[%clk 0:06:06]} Kg7 {[%clk 0:10:05]} 33. Qxb7+
{[%clk 0:06:29]} Kg8 {[%clk 0:09:02]} 34. Qb8+ {[%clk 0:02:49]} Kg7
{[%clk 0:08:40]} 35. Qc7+ {[%clk 0:03:17]} Kg8 {[%clk 0:08:45]} 36. Qd8+
{[%clk 0:03:21]} Kg7 {[%clk 0:08:08]} 37. Qd4+ {[%clk 0:01:50]} Kg8
{[%clk 0:08:11]} 38. Bf1 {[%clk 0:00:48]} Kf7 {[%clk 0:05:42]} 39. Be2
{[%clk 0:00:46]} Qc2 {[%clk 0:02:46]} 40. Kf1 {[%clk 0:00:37]} Qc6
{[%clk 0:01:31]} 41. Kf2 {[%clk 0:43:10]} Na4 {[%clk 0:48:46]} 42. Qa7+
{[%clk 0:29:32]} Kg8 {[%clk 0:48:04]} 43. Qxa5 {[%clk 0:29:35]} Nc5
{[%clk 0:39:30]} 44. e5 {[%clk 0:27:05]} Qd5 {[%clk 0:38:15]} 45. Qb4
{[%clk 0:24:55]} Nd3+ {[%clk 0:34:49]} 46. Bxd3 {[%clk 0:25:09]} Qxd3
{[%clk 0:35:12]} 47. Qc3 {[%clk 0:25:29]} Qd5 {[%clk 0:34:05]} 48. Ke3
{[%clk 0:19:13]} Qd1 {[%clk 0:30:12]} 49. Qd2 {[%clk 0:13:37]} Qb3+
{[%clk 0:29:13]} 50. Kf2 {[%clk 0:13:44]} Qb6+ {[%clk 0:28:38]} 51. Ke2
{[%clk 0:12:59]} Qb5+ {[%clk 0:28:23]} 52. Ke1 {[%clk 0:12:53]} Qb6
{[%clk 0:28:25]} 53. Kf1 {[%clk 0:10:55]} Qb5+ {[%clk 8:17:49]} 54. Kg2
{[%clk 0:10:47]} Qc6+ {[%clk 0:27:23]} 55. Kh3 {[%clk 0:11:12]} Kg7
{[%clk 0:25:38]} 56. Kg4 {[%clk 0:08:36]} Qb5 {[%clk 0:23:34]} 57. Kg5
{[%clk 0:02:42]} Qe8 {[%clk 0:20:09]} 58. Qd6 {[%clk 0:01:12]} h6+
{[%clk 0:07:15]} 59. Kh4 {[%clk 0:01:40]} h5 {[%clk 0:04:29]} 60. h3
{[%clk 0:00:55]} Kh6 {[%clk 0:02:23]} 61. b4 {[%clk 0:12:37]} Kg7
{[%clk 0:13:16]} 62. b5 {[%clk 0:09:55]} Qxb5 {[%clk 0:12:56]} 63. Qe7+
{[%clk 0:10:21]} Kh6 {[%clk 0:12:53]} 64. g4 {[%clk 0:09:25]} hxg4
{[%clk 0:12:32]} 65. hxg4 {[%clk 0:09:44]} 1-0

[Event "Hastings Masters"]
[Site "Hastings, England"]
[Date "2015.01.01"
[Round "4.4"]
[White "Fier, Alexandr"]
[WhiteElo "2592"]
[Black "Vakhidov, Jahongir"]
[BlackElo "2502"]
[Result "1-0"]

1. c4 {[%clk 1:40:57]} Nf6 {[%clk 1:36:25]} 2. Nc3 {[%clk 1:41:11]} g6
{[%clk 1:35:36]} 3. d4 {[%clk 1:41:26]} Bg7 {[%clk 1:35:51]} 4. e4
{[%clk 1:41:51]} d6 {[%clk 1:36:00]} 5. Be2 {[%clk 1:42:17]} O-O {[%clk 1:36:11]}
6. Bg5 {[%clk 1:42:45]} c5 {[%clk 1:36:16]} 7. d5 {[%clk 1:43:01]} e6
{[%clk 1:36:29]} 8. Qd2 {[%clk 1:43:22]} exd5 {[%clk 1:36:39]} 9. exd5
{[%clk 1:43:48]} Qb6 {[%clk 1:36:39]} 10. Nf3 {[%clk 1:43:20]} Bf5
{[%clk 1:36:51]} 11. Nh4 {[%clk 1:42:08]} Ne4 {[%clk 1:36:58]} 12. Nxe4
{[%clk 1:42:35]} Bxe4 {[%clk 1:37:12]} 13. f3 {[%clk 1:43:02]} h6
{[%clk 1:37:24]} 14. Bxh6 {[%clk 1:27:40]} Bxh6 {[%clk 1:37:05]} 15. Qxh6
{[%clk 1:28:06]} Qxb2 {[%clk 1:37:10]} 16. O-O {[%clk 1:22:34]} Bc2
{[%clk 1:36:55]} 17. Kh1 {[%clk 1:11:20]} Re8 {[%clk 1:28:24]} 18. Qd2
{[%clk 1:10:16]} Qd4 {[%clk 1:27:48]} 19. Qxc2 {[%clk 1:10:42]} Qxh4
{[%clk 1:28:11]} 20. Rab1 {[%clk 1:10:59]} b6 {[%clk 1:27:34]} 21. f4
{[%clk 1:00:01]} Nd7 {[%clk 1:21:42]} 22. f5 {[%clk 0:59:21]} Kg7
{[%clk 1:20:54]} 23. Rb3 {[%clk 0:59:24]} Qe7 {[%clk 1:02:25]} 24. Bd1
{[%clk 0:54:41]} Qe4 {[%clk 0:54:51]} 25. Qf2 {[%clk 0:55:07]} Qd4
{[%clk 0:51:59]} 26. Qf3 {[%clk 0:44:19]} Qf6 {[%clk 0:35:26]} 27. fxg6
{[%clk 0:33:33]} fxg6 {[%clk 0:33:29]} 28. Qxf6+ {[%clk 0:30:24]} Nxf6
{[%clk 0:33:29]} 29. Rbf3 {[%clk 0:30:50]} Rf8 {[%clk 0:33:18]} 30. Kg1
{[%clk 0:31:15]} Rae8 {[%clk 0:29:52]} 31. Bc2 {[%clk 0:31:06]} Nd7
{[%clk 0:28:02]} 32. Rxf8 {[%clk 0:31:28]} Nxf8 {[%clk 0:28:22]} 33. h4
{[%clk 0:27:11]} Re3 {[%clk 0:18:41]} 34. Rf3 {[%clk 0:27:37]} Re2
{[%clk 0:16:02]} 35. Rf2 {[%clk 0:28:04]} Re1+ {[%clk 0:15:45]} 36. Rf1
{[%clk 0:27:47]} Re5 {[%clk 0:10:45]} 37. Rf3 {[%clk 0:26:56]} Rh5
{[%clk 0:10:23]} 38. g3 {[%clk 0:27:00]} Nd7 {[%clk 0:06:23]} 39. Ra3
{[%clk 0:26:50]} a5 {[%clk 0:06:52]} 40. Rb3 {[%clk 0:26:24]} Rh8
{[%clk 0:05:49]} 41. Rb1 {[%clk 0:25:01]} Rb8 {[%clk 0:49:47]} 42. Bd3
{[%clk 1:15:25]} Ne5 {[%clk 0:45:33]} 43. Be2 {[%clk 1:15:45]} g5
{[%clk 0:41:28]} 44. Kg2 {[%clk 1:14:56]} gxh4 {[%clk 0:36:14]} 45. gxh4
{[%clk 1:15:20]} Ng6 {[%clk 0:36:37]} 46. Kg3 {[%clk 1:15:03]} Re8
{[%clk 0:34:55]} 47. Bh5 {[%clk 1:13:31]} Rb8 {[%clk 0:26:08]} 48. Bxg6
{[%clk 1:13:27]} Kxg6 {[%clk 0:26:36]} 49. Kg4 {[%clk 1:13:29]} Kf6
{[%clk 0:18:35]} 50. Re1 {[%clk 1:13:24]} b5 {[%clk 0:18:49]} 51. Re6+
{[%clk 1:13:50]} Kf7 {[%clk 0:18:51]} 52. cxb5 {[%clk 1:11:42]} Rxb5
{[%clk 0:18:54]} 53. Rxd6 {[%clk 1:10:50]} Rb2 {[%clk 0:14:44]} 54. a3
{[%clk 1:06:04]} Rb3 {[%clk 0:06:30]} 55. h5 {[%clk 1:03:55]} Rxa3
{[%clk 0:04:30]} 56. h6 {[%clk 1:04:24]} Ra1 {[%clk 0:04:24]} 57. h7
{[%clk 1:04:49]} Rg1+ {[%clk 0:02:08]} 58. Kf5 {[%clk 1:04:57]} Rf1+
{[%clk 0:02:33]} 59. Ke4 {[%clk 1:05:19]} Re1+ {[%clk 0:02:58]} 60. Kd3
{[%clk 1:05:39]} Kg7 {[%clk 0:01:10]} 61. Rd7+ {[%clk 1:05:57]} Kh8
{[%clk 0:01:40]} 62. d6 {[%clk 1:00:12]} Rc1 {[%clk 0:12:52]} 63. Ke4
{[%clk 1:15:36]} Rd1 {[%clk 0:05:53]} 64. Ke5 {[%clk 1:16:00]} Re1+
{[%clk 0:05:47]} 65. Kd5 {[%clk 1:16:23]} Rd1+ {[%clk 0:06:13]} 66. Kxc5
{[%clk 1:12:55]} Rc1+ {[%clk 0:06:16]} 67. Kd5 {[%clk 1:12:21]} Rd1+
{[%clk 0:06:33]} 68. Ke6 {[%clk 1:12:48]} Re1+ {[%clk 0:06:42]} 69. Kf6
{[%clk 1:13:14]} Rf1+ {[%clk 0:06:20]} 70. Ke7 {[%clk 1:13:39]} Re1+
{[%clk 0:06:07]} 71. Kf8 {[%clk 1:05:03]} Rd1 {[%clk 0:06:19]} 72. Rd8
{[%clk 1:05:26]} Kxh7 {[%clk 0:04:19]} 73. Ke7 {[%clk 1:05:49]} Re1+
{[%clk 0:03:18]} 74. Kd7 {[%clk 1:03:03]} Kg7 {[%clk 0:02:50]} 75. Re8
{[%clk 1:00:08]} Rf1 {[%clk 0:00:41]} 76. Ra8 {[%clk 0:50:04]} Ra1
{[%clk 0:00:51]} 77. Ra7 {[%clk 0:50:27]} Kf6 {[%clk 0:00:35]} 78. Kc8
{[%clk 0:50:55]} Rc1+ {[%clk 0:00:35]} 79. Rc7 {[%clk 0:51:18]} 1-0

[Event "Hastings Masters"]
[Site "Hastings, England"]
[Date "2015.01.01"
[Round "4.5"]
[White "Gledura, Benjamin"]
[WhiteElo "2450"]
[Black "Bogner, Sebastian"]
[BlackElo "2586"]
[Result "1/2-1/2"]

1. d4 {[%clk 1:40:57]} d5 {[%clk 1:34:31]} 2. c4 {[%clk 1:41:15]} c6
{[%clk 1:34:54]} 3. Nf3 {[%clk 1:41:14]} Nf6 {[%clk 1:35:18]} 4. Nc3
{[%clk 1:41:22]} a6 {[%clk 1:35:10]} 5. e3 {[%clk 1:41:28]} b5 {[%clk 1:34:38]}
6. b3 {[%clk 1:41:18]} Bg4 {[%clk 1:35:03]} 7. Be2 {[%clk 1:41:25]} e6
{[%clk 1:34:56]} 8. h3 {[%clk 1:41:28]} Bxf3 {[%clk 1:31:43]} 9. Bxf3
{[%clk 1:41:36]} Bd6 {[%clk 1:30:16]} 10. O-O {[%clk 1:41:14]} O-O
{[%clk 1:30:43]} 11. Qc2 {[%clk 1:37:26]} Nbd7 {[%clk 1:28:35]} 12. Bb2
{[%clk 1:29:24]} Rc8 {[%clk 1:28:23]} 13. Rad1 {[%clk 1:25:58]} Qa5
{[%clk 1:18:42]} 14. e4 {[%clk 1:23:04]} dxe4 {[%clk 1:08:13]} 15. Nxe4
{[%clk 1:22:21]} Nxe4 {[%clk 1:04:44]} 16. Bxe4 {[%clk 1:22:38]} Nf6
{[%clk 0:54:27]} 17. Bf3 {[%clk 1:20:35]} Rfe8 {[%clk 0:50:59]} 18. Rfe1
{[%clk 1:12:59]} Ba3 {[%clk 0:42:09]} 19. Ba1 {[%clk 1:10:04]} Bd6
{[%clk 0:40:12]} 20. Re2 {[%clk 1:04:59]} Nd7 {[%clk 0:40:12]} 21. Bc3
{[%clk 1:04:59]} Bb4 {[%clk 0:40:12]} 22. Ba1 {[%clk 1:04:59]} 1/2-1/2

[Event "Hastings Masters"]
[Site "Hastings, England"]
[Date "2015.01.01"
[Round "4.6"]
[White "Sengupta, Deep"]
[WhiteElo "2566"]
[Black "Sowray, Peter J"]
[BlackElo "2365"]
[Result "1-0"]

1. e4 d6 2. d4 Nf6 3. f3 c5 4. Ne2 e6 5. c4 d5 6. cxd5 exd5 7. e5 Nfd7 8. f4 Nc6
9. Nbc3 cxd4 10. Nxd4 Ndxe5 11. Ndb5 a6 12. fxe5 axb5 13. Qxd5 {[%clk 1:06:38]}
b4 14. Qxd8+ Kxd8 15. Nd5 Ra5 16. Bg5+ Be7 17. Bxe7+ Nxe7 18. Nxb4 Rxe5+ 19. Be2
Nc6 20. Nxc6+ bxc6 21. Kf2 Kc7 22. Bf3 Be6 23. Rhc1 Bd5 24. Rc5 Rb8 25. b3 Kd6
26. Rc3 g5 27. Rd1 f5 {[%clk 0:20:23]} 28. Bxd5 Rxd5 29. Rxd5+ cxd5 30. Rh3 Ra8
31. a4 g4 32. Rh6+ Ke5 33. Rxh7 Rb8 34. Re7+ Kd4 35. Re2 Kc3 36. a5 d4 37. a6 d3
38. a7 Rc8 39. Re6 d2 40. Rc6+ Rxc6 41. a8=Q Rc5 42. Qa3 Rc6 43. b4+ Kc2 44. Qa4+
Kb2 45. Ke2 Rd6 46. Kd1 f4 47. b5 1-0

[Event "Hastings Masters"]
[Site "Hastings, England"]
[Date "2015.01.01"
[Round "4.7"]
[White "Anderson, John"]
[WhiteElo "2180"]
[Black "Hawkins, Jonathan"]
[BlackElo "2552"]
[Result "0-1"]

1. e4 c6 2. d4 d5 3. exd5 cxd5 4. c4 Nf6 5. Nc3 e6 6. Nf3 Bb4 7. cxd5 Nxd5 8. Qc2
Nc6 9. Bd3 h6 10. O-O O-O 11. a3 Be7 12. Qe2 Nf6 13. Be3 b6 14. Rad1 Bb7 15. Bb1
Bd6 16. Ne5 Ne7 17. Ng4 Nf5 18. Nxf6+ Qxf6 19. Qg4 Qh4 20. Qxh4 Nxh4 21. d5 Rad8
22. Ba2 e5 23. Bb1 f5 24. f3 Ba6 25. Rfe1 Rf6 26. Bf2 Ng6 27. g4 fxg4 28. Ne4
Rxf3 29. Nxd6 Rxd6 30. Bxg6 Rxg6 31. d6 Bd3 32. Rxe5 Rxd6 33. Re7 a6 34. Bg3 Rd5
35. Rc1 Bb5 36. a4 Bxa4 37. Rc8+ Kh7 38. Be5 Rd1+ 39. Kg2 Kg6 40. Rxg7+ Kh5 41.
Rxg4 Kxg4 42. Rc4+ Kf5 43. Kxf3 Bb5 0-1

[Event "Hastings Masters"]
[Site "Hastings, England"]
[Date "2015.01.01"
[Round "4.8"]
[White "Marusenko, Petr"]
[WhiteElo "2194"]
[Black "Mista, Aleksander"]
[BlackElo "2614"]
[Result "0-1"]

1. d4 {[%clk 1:40:57]} Nf6 {[%clk 1:37:00]} 2. c4 {[%clk 1:41:24]} g6
{[%clk 1:37:09]} 3. g3 {[%clk 1:41:49]} Bg7 {[%clk 1:36:10]} 4. Bg2
{[%clk 1:42:13]} O-O {[%clk 1:35:26]} 5. Nc3 {[%clk 1:41:20]} d6 {[%clk 1:33:23]}
6. Nf3 {[%clk 1:41:43]} Nc6 {[%clk 1:32:15]} 7. O-O {[%clk 1:42:01]} Bf5
{[%clk 1:32:28]} 8. Ne1 {[%clk 1:42:25]} Qc8 {[%clk 1:21:38]} 9. e4
{[%clk 1:37:49]} Bh3 {[%clk 1:16:14]} 10. Nc2 {[%clk 1:31:41]} Re8
{[%clk 1:14:18]} 11. f3 {[%clk 1:25:25]} Bxg2 {[%clk 1:05:04]} 12. Kxg2
{[%clk 1:25:48]} a6 {[%clk 1:04:40]} 13. Be3 {[%clk 1:25:03]} b6 {[%clk 0:54:43]}
14. Rc1 {[%clk 1:17:38]} Qb7 {[%clk 0:51:58]} 15. Qe2 {[%clk 1:14:47]} e6
{[%clk 0:47:11]} 16. Rfd1 {[%clk 1:14:37]} Nd7 {[%clk 0:42:48]} 17. h4
{[%clk 1:07:04]} Ne7 {[%clk 0:42:31]} 18. h5 {[%clk 1:07:05]} d5 {[%clk 0:40:10]}
19. hxg6 {[%clk 1:00:28]} hxg6 {[%clk 0:40:14]} 20. Rh1 {[%clk 0:57:57]} c5
{[%clk 0:39:34]} 21. cxd5 {[%clk 0:54:58]} exd5 {[%clk 0:39:42]} 22. Qd2
{[%clk 0:50:34]} dxe4 {[%clk 0:38:56]} 23. Nxe4 {[%clk 0:50:52]} Nf5
{[%clk 0:38:34]} 24. d5 {[%clk 0:50:15]} Nf6 {[%clk 0:34:53]} 25. Nc3
{[%clk 0:47:17]} Rad8 {[%clk 0:34:38]} 26. Rcd1 {[%clk 0:47:32]} Rd7
{[%clk 0:20:01]} 27. Bg5 {[%clk 0:45:09]} Nxd5 {[%clk 0:09:15]} 28. Nxd5
{[%clk 0:39:21]} Nd4 {[%clk 0:09:42]} 29. Rde1 {[%clk 0:17:27]} Rxe1
{[%clk 0:09:37]} 30. Qxe1 {[%clk 0:17:45]} Qxd5 {[%clk 0:09:49]} 31. Qe8+
{[%clk 0:17:58]} Bf8 {[%clk 0:10:16]} 32. Nxd4 {[%clk 0:18:21]} Qxd4
{[%clk 0:10:28]} 33. Re1 {[%clk 0:18:47]} Rd5 {[%clk 0:05:46]} 34. f4
{[%clk 0:08:24]} Qxb2+ {[%clk 0:05:55]} 35. Kh3 {[%clk 0:06:04]} Rd2
{[%clk 0:04:05]} 36. Be7 {[%clk 0:05:48]} Rh2+ {[%clk 0:04:15]} 37. Kg4
{[%clk 0:06:16]} f5+ {[%clk 0:04:19]} 38. Kg5 {[%clk 0:05:43]} Rh5+
{[%clk 0:04:36]} 39. Kxg6 {[%clk 0:06:11]} Qg7+ {[%clk 0:04:56]} 40. Kxh5
{[%clk 0:06:39]} Qh6# 0-1

[Event "Hastings Masters"]
[Site "Hastings, England"]
[Date "2015.01.01"
[Round "4.9"]
[White "Hebden, Mark L"]
[WhiteElo "2523"]
[Black "Eames, Robert S"]
[BlackElo "2237"]
[Result "1-0"]

1. d4 {[%clk 1:40:59]} f5 {[%clk 1:40:04]} 2. e4 {[%clk 1:40:25]} fxe4
{[%clk 1:39:52]} 3. Nc3 {[%clk 1:40:46]} Nf6 {[%clk 1:39:30]} 4. Bg5
{[%clk 1:41:06]} Nc6 {[%clk 1:38:50]} 5. d5 {[%clk 1:41:27]} Ne5 {[%clk 1:38:39]}
6. Qe2 {[%clk 1:41:30]} c6 {[%clk 1:33:57]} 7. O-O-O {[%clk 1:38:07]} d6
{[%clk 1:30:24]} 8. Bxf6 {[%clk 1:36:57]} exf6 {[%clk 1:27:32]} 9. Qxe4
{[%clk 1:36:53]} Be7 {[%clk 1:26:29]} 10. f4 {[%clk 1:35:33]} f5 {[%clk 1:24:48]}
11. Qa4 {[%clk 1:34:20]} Ng6 {[%clk 1:21:39]} 12. dxc6 {[%clk 1:30:41]} bxc6
{[%clk 1:21:34]} 13. Qxc6+ {[%clk 1:28:05]} Bd7 {[%clk 1:21:26]} 14. Qf3
{[%clk 1:27:58]} Nxf4 {[%clk 1:16:42]} 15. Nd5 {[%clk 1:22:04]} Nxd5
{[%clk 1:13:48]} 16. Qxd5 {[%clk 1:22:07]} Rb8 {[%clk 1:09:06]} 17. Bc4
{[%clk 1:18:53]} Qb6 {[%clk 1:06:42]} 18. Qf7+ {[%clk 1:17:30]} Kd8
{[%clk 1:06:47]} 19. Qxg7 {[%clk 1:17:41]} Re8 {[%clk 0:56:24]} 20. Nf3
{[%clk 1:17:01]} Qc5 {[%clk 0:51:54]} 21. Bb3 {[%clk 1:09:57]} a5
{[%clk 0:51:13]} 22. Rhe1 {[%clk 1:07:36]} a4 {[%clk 0:47:19]} 23. Bf7
{[%clk 1:07:00]} Rc8 {[%clk 0:43:34]} 24. Nd4 {[%clk 1:05:10]} 1-0

[Event "Hastings Masters"]
[Site "Hastings, England"]
[Date "2015.01.01"
[Round "4.10"]
[White "Gormally, Daniel W"]
[WhiteElo "2499"]
[Black "Ternault, Mathieu"]
[BlackElo "2225"]
[Result "1-0"]

1. d4 {[%clk 1:40:56]} d5 {[%clk 1:38:33]} 2. c4 {[%clk 1:41:10]} c6
{[%clk 1:38:51]} 3. Nf3 {[%clk 1:41:33]} Nf6 {[%clk 1:39:16]} 4. Nc3
{[%clk 1:41:58]} dxc4 {[%clk 1:39:41]} 5. a4 {[%clk 1:41:43]} Bf5
{[%clk 1:40:04]} 6. Nh4 {[%clk 1:41:09]} Bg4 {[%clk 1:40:23]} 7. h3
{[%clk 1:40:29]} Bh5 {[%clk 1:40:48]} 8. g4 {[%clk 1:39:45]} Bg6 {[%clk 1:41:14]}
9. Nxg6 {[%clk 1:35:39]} hxg6 {[%clk 1:41:38]} 10. e4 {[%clk 1:33:16]} e5
{[%clk 1:41:57]} 11. Bxc4 {[%clk 1:31:21]} exd4 {[%clk 1:41:49]} 12. e5
{[%clk 1:28:46]} Bb4 {[%clk 1:42:11]} 13. exf6 {[%clk 1:27:28]} dxc3
{[%clk 1:42:12]} 14. Qxd8+ {[%clk 1:27:22]} Kxd8 {[%clk 1:42:37]} 15. O-O
{[%clk 1:27:45]} gxf6 {[%clk 1:40:25]} 16. Rd1+ {[%clk 1:25:21]} Ke7
{[%clk 1:35:51]} 17. bxc3 {[%clk 1:23:55]} Bc5 {[%clk 1:35:34]} 18. Kg2
{[%clk 1:01:07]} Nd7 {[%clk 1:29:42]} 19. Bxf7 {[%clk 0:57:52]} Ne5
{[%clk 1:30:03]} 20. Bb3 {[%clk 0:57:11]} Rad8 {[%clk 1:25:34]} 21. Bf4
{[%clk 0:55:38]} g5 {[%clk 1:12:07]} 22. Bg3 {[%clk 0:51:30]} Ng6
{[%clk 0:57:25]} 23. Bc2 {[%clk 0:43:26]} Rxd1 {[%clk 0:50:27]} 24. Rxd1
{[%clk 0:43:03]} Nf4+ {[%clk 0:50:15]} 25. Bxf4 {[%clk 0:39:03]} gxf4
{[%clk 0:50:40]} 26. Re1+ {[%clk 0:36:51]} Kf7 {[%clk 0:45:34]} 27. Be4
{[%clk 0:36:53]} Rd8 {[%clk 0:44:24]} 28. Re2 {[%clk 0:36:57]} a5
{[%clk 0:28:26]} 29. Rb2 {[%clk 0:34:34]} Rd7 {[%clk 0:26:10]} 30. Kf3
{[%clk 0:32:45]} Bd6 {[%clk 0:23:52]} 31. h4 {[%clk 0:32:03]} Be5
{[%clk 0:23:30]} 32. Rb3 {[%clk 0:32:19]} Kg7 {[%clk 0:22:35]} 33. Bf5
{[%clk 0:25:02]} Rc7 {[%clk 0:21:32]} 34. c4 {[%clk 0:25:13]} Bd4
{[%clk 0:17:30]} 35. Rd3 {[%clk 0:24:47]} Bc5 {[%clk 0:13:11]} 36. Rd2
{[%clk 0:23:33]} Bb4 {[%clk 0:11:37]} 37. Rd4 {[%clk 0:22:32]} Bc3
{[%clk 0:09:51]} 38. Rxf4 {[%clk 0:22:16]} Be5 {[%clk 0:07:39]} 39. Re4
{[%clk 0:22:39]} b5 {[%clk 0:06:50]} 40. g5 {[%clk 0:10:50]} bxa4
{[%clk 0:01:00]} 41. h5 {[%clk 0:02:02]} a3 {[%clk 0:00:38]} 42. h6+
{[%clk 0:49:53]} Kf8 {[%clk 0:32:35]} 43. Re2 {[%clk 0:41:08]} a2
{[%clk 0:26:46]} 44. Rxa2 {[%clk 0:41:15]} fxg5 {[%clk 0:27:10]} 45. Rxa5
{[%clk 0:41:41]} Re7 {[%clk 0:24:26]} 46. Rc5 {[%clk 0:41:35]} Kf7
{[%clk 0:22:59]} 47. Rxc6 {[%clk 0:41:45]} Rc7 {[%clk 0:21:55]} 48. Rxc7+
{[%clk 0:40:34]} Bxc7 {[%clk 0:22:18]} 49. Ke4 {[%clk 0:40:52]} Bb6
{[%clk 0:15:53]} 50. f3 {[%clk 0:41:11]} Kf6 {[%clk 0:16:20]} 51. h7 1-0